| 000 | 00459nam a2200181Ia 4500 | ||
|---|---|---|---|
| 008 | 240925s9999 xx 000 0 und d | ||
| 020 | _a70021430 | ||
| 082 | _a624.171 ARB | ||
| 100 | _aArbabi , F - | ||
| 245 | 0 | _aStructural Analysis and Behavior | |
| 250 | _aNA | ||
| 260 |
_aNew York: _bMcGraw-Hill _c,1991. |
||
| 300 |
_axii,416p. _bNA _fOriginal |
||
| 500 | _aIncludes Index | ||
| 600 | _aElectronic Engineering | ||
| 650 | _aTechnology | ||
| 942 | _cBK | ||
| 999 |
_c3815 _d3815 |
||